| 000 | 00549nam a2200193Ia 4500 | ||
|---|---|---|---|
| 008 | 090124s9999 xx 000 0 und d | ||
| 020 | _a81-85090-125-3 | ||
| 082 | _b42335 | ||
| 100 | _aशेवाळकर राम | ||
| 245 | _a रांगोळी | ||
| 250 | _a1 | ||
| 260 |
_bज्ञानेश प्रकाशन _c2003 |
||
| 300 | _a168 | ||
| 600 | _aशेवाळकर राम | ||
| 630 | _a रांगोळी | ||
| 700 | _aशेवाळकर राम | ||
| 730 | _a रांगोळी | ||
| 942 | _cBOOK | ||
| 999 |
_c108509 _d108509 |
||